书目信息 |
| 题名: |
古代长城-战争与和平的纽带
|
|
| 作者: | 朱耀延 著 ;王明玉 编 | |
| 分册: | ||
| 出版信息: | 大连 辽宁师范大学出版社 1996 |
|
| 页数: | 236页 | |
| 开本: | 20cm | |
| 丛书名: | 中华文物古迹旅游 | |
| 单 册: | ||
| 中图分类: | K928.77 | |
| 科图分类: | ||
| 主题词: | 地理--中国 | |
| 电子资源: | ||
| ISBN: | 7-81042-105-0 | |
| 000 | 00714nam0 2200217 450 | |
| 001 | 0736196517 | |
| 005 | 20070924100316.51 | |
| 010 | @a7-81042-105-0@d¥15.00 | |
| 100 | @a20070924d km y0chiy0120 ea | |
| 101 | 0 | @achi |
| 200 | 1 | @a古代长城-战争与和平的纽带@Agu dai chang cheng-zhan zheng yu he ping de niu dai@f朱耀延 著@Fzhu yao yan zhu@g王明玉等编@Gwang ming yu deng bian |
| 210 | @a大连@c辽宁师范大学出版社@d1996 | |
| 215 | @a236页@c彩照@d20cm | |
| 225 | 2 | @a中华文物古迹旅游 |
| 410 | 0 | @12001 @a中华文物古迹旅游 |
| 606 | 0 | @a地理@x中国 |
| 690 | @aK928.77@v3 | |
| 701 | 0 | @a朱耀延@Azhu yao yan@4著 |
| 702 | 0 | @a王明玉@Awang ming yu@4编 |
| 801 | 0 | @aCN@bPFT@c20070924 |
| 905 | @a213230@dK928.77@eZY69@f1 | |
| 古代长城-战争与和平的纽带/朱耀延 著/王明玉等编.-大连:辽宁师范大学出版社,1996 |
| 236页:彩照;20cm.-(中华文物古迹旅游) |
| ISBN 7-81042-105-0:¥15.00 |
| ● |
| 相关链接 |
|
|
|
|
正题名:古代长城-战争与和平的纽带
索取号:K928.77/ZY69
 
预约/预借
| 序号 | 登录号 | 条形码 | 馆藏地/架位号 | 状态 | 备注 |
| 1 | 7900384 | 279003846 | 资源管理系资料室/ [索取号:K928.77/ZY69] | 在馆 |